000 02163cam a2200169 4500500
005 20260322012357.0
041 _afre
042 _adc
100 1 0 _aRenaut, Alain
_eauthor
700 1 0 _aBillier, Jean-Cassien
_eauthor
700 1 0 _aSavidan, Patrick
_eauthor
700 1 0 _aThiaw-
_eauthor
245 0 0 _aLeçons de la philosophie
260 _bOdile Jacob,
_c2018.
520 _aVoici un livre unique pour qui veut découvrir, comprendre ou approfondir la philosophie.Il est constitué d’une série de leçons consacrées aux grandes questions philosophiques, que l’on pourra lire dans l’ordre que l’on voudra, selon ses goûts, ses besoins ou ses choix.Ces leçons mobilisent les apports des philosophes les plus précieux, des classiques aux contemporains : Platon, Aristote, Descartes, Spinoza, Hegel ou Nietzsche, mais aussi Arendt, Rawls, Levinas, Foucault, Derrida ou Habermas.L’ouvrage aborde également les débats les plus actuels : découvertes scientifiques, bioéthique, environnement, retour du religieux, bouleversements artistiques, mutations sociales et politiques… Chaque leçon dégage ainsi un bilan des contributions de la philosophie à l’état actuel de la réflexion.Un avant-propos nourri fournit des fils conducteurs pour que le lecteur puisse s’orienter dans les questionnements philosophiques.Une conclusion très ouverte s’interroge sur les avenirs possibles de la philosophie dans la culture contemporaine.Alain Renaut est professeur émérite de philosophie politique et d’éthique à Sorbonne Université. Il est également directeur du Centre international de philosophie politique appliquée.Jean-Cassien Billier est maître de conférences à l’UFR de philosophie de la faculté des lettres de Sorbonne Université.Patrick Savidan est professeur d’éthique et de philosophie à l’université Paris-Est-Créteil et président de l’Observatoire des inégalités.Ludivine Thiaw-Po-Une est docteur en philosophie politique et ingénieure de recherche à Sorbonne Université.
856 4 1 _uhttps://shs.cairn.info/lecons-de-la-philosophie--9782738145338?lang=fr&redirect-ssocas=7080
999 _c1772162
_d1772162